[Event "WSCC 65 Open 2017"]
[Site "?"]
[Date "2017.11.18"]
[Round "10"]
[White "Contin, Daniel"]
[Black "Kannenberg, Karl-Heinz"]
[Result "1-0"]
[WhiteElo "2272"]
[BlackElo "2216"]
[PlyCount "39"]
[EventDate "2017.??.??"]
[EventType "swiss"]
[EventCountry "ITA"]
[SourceTitle "Acqui Terme"]
[TimeControl "40/5400+30:1800+30"]
[WhiteClock "0:11:25"]
[BlackClock "0:25:49"]

1. c4 {[%emt 0:00:00]} c6 {[%emt 0:00:16]} 2. e4 {[%emt 0:01:01]} d5 {[%emt 0:00:22]} 3. exd5 {[%emt 0:00:06]} cxd5 {[%emt 0:00:07]} 4. d4 {[%emt 0:00:08]} Nf6 {[%emt 0:01:54]} 5. Nc3 {[%emt 0:00:14]} e6 {[%emt 0:00:24]} 6. a3 {[%emt 0:03:42]} Be7 {[%emt 0:13:32]} 7. Nf3 {[%emt 0:03:28]} dxc4 {[%emt 0:04:41]} 8. Bxc4 {[%emt 0:00:19]} O-O {[%emt 0:03:37]} 9. O-O {[%emt 0:00:29]} Nbd7 {[%emt 0:00:38]} 10. Qd3 {[%emt 0:04:59]} Nb6 {[%emt 0:05:47]} 11. Bb3 {[%emt 0:00:17]} Nbd5 {[%emt 0:01:02]} 12. Re1 {[%emt 0:04:59]} b6 {[%emt 0:01:39]} 13. Bc2 {[%emt 0:06:34]} Re8 {[%emt 0:12:09]} 14. Bg5 {[%emt 0:08:33]} g6 {[%emt 0:00:27]} 15. Ne5 {[%emt 0:00:21]} Qc7 {[%emt 0:01:57]} 16. Ba4 {[%emt 0:10:19]} Nd7 {[%emt 0:19:21]} 17. Nxd5 {[%emt 0:05:07]} exd5 {[%emt 0:00:17]} 18. Rac1 {[%emt 0:27:07]} Qd6 {[%emt 0:01:20]} 19. Nc6 {[%emt 0:09:33]} f6 {[%emt 0:04:41]} 20. Bh4 {[%emt 0:01:19]} 1-0

[Event "WSCC 65 Open 2017"]
[Site "?"]
[Date "2017.11.17"]
[Round "10"]
[White "Stepovoj, Vladimir"]
[Black "Hardicsay, Peter"]
[Result "*"]
[WhiteElo "2265"]
[BlackElo "2213"]
[PlyCount "26"]
[EventDate "2017.??.??"]
[EventType "swiss"]
[EventCountry "ITA"]
[SourceTitle "Acqui Terme"]
[TimeControl "40/5400+30:1800+30"]
[WhiteClock "1:25:57"]
[BlackClock "1:03:23"]

1. e4 {[%emt 0:00:00]} c5 {[%emt 0:00:15]} 2. Nf3 {[%emt 0:00:00]} Nc6 {[%emt 0:00:28]} 3. c3 {[%emt 0:00:00]} Nf6 {[%emt 0:01:20]} 4. e5 {[%emt 0:00:00]} Nd5 {[%emt 0:00:16]} 5. Bc4 {[%emt 0:00:00]} Nb6 {[%emt 0:01:43]} 6. Bb3 {[%emt 0:00:00]} d5 {[%emt 0:06:51]} 7. exd6 {[%emt 0:00:37]} c4 {[%emt 0:02:45]} 8. Bc2 {[%emt 0:02:20]} Qxd6 {[%emt 0:00:10]} 9. O-O {[%emt 0:00:13]} e5 {[%emt 0:04:45]} 10. b3 {[%emt 0:04:03]} cxb3 {[%emt 0:07:07]} 11. axb3 {[%emt 0:00:09]} Bg4 {[%emt 0:02:21]} 12. h3 {[%emt 0:02:56]} Bh5 {[%emt 0:01:34]} 13. Qe2 {[%emt 0:00:15]} Be7 {[%emt 0:04:02]} *

[Event "WSCC 65 Open 2017"]
[Site "?"]
[Date "2017.11.17"]
[Round "10"]
[White "Kierzek, Matthias"]
[Black "Pritchett, Craig W"]
[Result "0-1"]
[WhiteElo "2252"]
[BlackElo "2280"]
[PlyCount "21"]
[EventDate "2017.??.??"]
[EventType "swiss"]
[EventCountry "ITA"]
[SourceTitle "Acqui Terme"]
[TimeControl "40/5400+30:1800+30"]
[WhiteClock "1:12:28"]
[BlackClock "1:14:21"]

1. d4 {[%emt 0:00:00]} Nf6 {[%emt 0:00:12]} 2. c4 {[%emt 0:00:00]} e6 {[%emt 0:00:05]} 3. Nf3 {[%emt 0:00:00]} Bb4+ {[%emt 0:00:31]} 4. Bd2 {[%emt 0:00:00]} Qe7 {[%emt 0:00:16]} 5. g3 {[%emt 0:00:00]} Bxd2+ {[%emt 0:00:09]} 6. Qxd2 {[%emt 0:00:09]} d5 {[%emt 0:00:08]} 7. Bg2 {[%emt 0:00:41]} O-O {[%emt 0:02:43]} 8. O-O {[%emt 0:00:22]} Rd8 {[%emt 0:02:57]} 9. Rc1 {[%emt 0:06:49]} Nc6 {[%emt 0:04:43]} 10. Ne5 {[%emt 0:14:51]} Nxe5 {[%emt 0:09:25]} 11. dxe5 {[%emt 0:00:10]} 0-1

[Event "WSCC 65 Open 2017"]
[Site "?"]
[Date "2017.11.17"]
[Round "10"]
[White "Malisov, Boris"]
[Black "Tarjan, James"]
[Result "*"]
[WhiteElo "2240"]
[BlackElo "2449"]
[Annotator "TA"]
[PlyCount "23"]
[EventDate "2017.??.??"]
[EventType "swiss"]
[EventCountry "ITA"]
[SourceTitle "Acqui Terme"]

{[%evp 17,23,17,9,12,14,13,22,0]} 1. e4 e5 2. Bc4 Nf6 3. d3 c6 4. Nf3 Be7 5. O-O d6 {[%cal Bd7d6,Bd6d5][%mdl 32]} 6. Nbd2 {[%cal Bb1d2,Bd2f1,Bf1g3][%mdl 32]} O-O 7. Re1 {C24: Bishop's Opening: 2...Nf6} Nbd7 8. a3 d5 (8... h6 9. Ba2 Re8 10. Nf1 Bf8 11. Ng3 d5 12. h3 b6 13. Bd2 Bb7 14. Nh4 g6 {½-½ (43) Sunilduth Lyna,N (2568)-Karthikeyan,M (2578) Patna 2017}) 9. Ba2 Bd6 {LiveBook: 4 Games. The position is equal.} 10. Nf1 Re8 11. Ng3 Bc7 $146 ({Predecessor:} 11... h6 12. h3 Nf8 13. Be3 Be6 14. c4 d4 {½-½ (30) Rizzo,R (2376)-Brandhorst,W (2396) USA 2000}) 12. h3 *

[Event "WSCC 65 Open 2017"]
[Site "?"]
[Date "2017.11.17"]
[Round "10"]
[White "Frick, Christoph"]
[Black "Vogt, Lothar"]
[Result "*"]
[WhiteElo "2230"]
[BlackElo "2398"]
[PlyCount "22"]
[EventDate "2017.??.??"]
[EventType "swiss"]
[EventCountry "ITA"]
[SourceTitle "Acqui Terme"]
[TimeControl "40/5400+30:1800+30"]

1. e4 c5 2. d4 cxd4 3. c3 dxc3 4. Nxc3 Nc6 5. Nf3 Nf6 6. Bc4 d6 7. O-O e6 8. Qe2 Be7 9. Rd1 e5 10. Be3 Bg4 11. h3 Bh5 *

[Event "WSCC 65 Open 2017"]
[Site "?"]
[Date "2017.11.17"]
[Round "10"]
[White "Hartung-Nielsen, Jens"]
[Black "Piasetski, Leon"]
[Result "*"]
[WhiteElo "2204"]
[BlackElo "2269"]
[PlyCount "25"]
[EventDate "2017.??.??"]
[EventType "swiss"]
[EventCountry "ITA"]
[SourceTitle "Acqui Terme"]
[TimeControl "40/5400+30:1800+30"]
[WhiteClock "1:21:34"]
[BlackClock "1:07:02"]

1. e4 {[%emt 0:00:00]} c5 {[%emt 0:02:34]} 2. d4 {[%emt 0:00:00]} cxd4 {[%emt 0:00:06]} 3. c3 {[%emt 0:00:00]} d3 {[%emt 0:01:54]} 4. Bxd3 {[%emt 0:00:00]} Nc6 {[%emt 0:02:25]} 5. c4 {[%emt 0:00:07]} g6 {[%emt 0:00:48]} 6. Nf3 {[%emt 0:00:10]} Bg7 {[%emt 0:00:13]} 7. O-O {[%emt 0:00:09]} d6 {[%emt 0:00:14]} 8. h3 {[%emt 0:00:04]} Nf6 {[%emt 0:00:35]} 9. Nc3 {[%emt 0:03:31]} O-O {[%emt 0:00:44]} 10. Be3 {[%emt 0:00:06]} Nd7 {[%emt 0:04:38]} 11. Qd2 {[%emt 0:02:51]} Nc5 {[%emt 0:09:04]} 12. Be2 {[%emt 0:07:22]} f5 {[%emt 0:06:13]} 13. exf5 {[%emt 0:00:36]} *

[Event "WSCC 65 Open 2017"]
[Site "?"]
[Date "2017.11.17"]
[Round "10"]
[White "Privara, Igor"]
[Black "Balashov, Yuri S"]
[Result "*"]
[WhiteElo "2184"]
[BlackElo "2437"]
[Annotator "TA"]
[PlyCount "29"]
[EventDate "2017.??.??"]
[EventType "swiss"]
[EventCountry "ITA"]
[SourceTitle "Acqui Terme"]

{[%evp 16,29,-4,5,0,-12,0,-39,-38,-43,-41,-55,-37,-82,-92,-94]} 1. e4 c5 2. c3 e6 3. d4 d5 4. e5 Nc6 5. Nf3 Bd7 6. dxc5 Bxc5 7. Bd3 Nge7 8. O-O Ng6 {C02: French: Advance Variation} 9. Qe2 {LiveBook: 6 Games} Qc7 {[%cal Rg6e5]} (9... f6 10. exf6 Qxf6 11. Bg5 Qf7 12. c4 O-O 13. Nc3 Rae8 14. Rae1 Nf4 15. Bxf4 Qxf4 16. Qc2 {0-1 (28) Dosov,N (2272)-Kazhgaleyev,M (2578) Astana 2017}) 10. Re1 O-O {The position is equal.} 11. h4 f6 $1 {[%cal Rg6e5]} 12. Bxg6 hxg6 13. exf6 $146 ({Predecessor:} 13. Be3 Nxe5 14. Nd4 Rae8 15. Nd2 a6 {0-1 (31) Brueckner,J-Plewe,T (2205) Germany 1987}) 13... gxf6 14. Be3 Bxe3 15. Qxe3 *

[Event "WSCC 65 Open 2017"]
[Site "?"]
[Date "2017.11.18"]
[Round "11"]
[White "Vaisser, Anatoly"]
[Black "Torre, Eugenio"]
[Result "1/2-1/2"]
[WhiteElo "2503"]
[BlackElo "2465"]
[Annotator "TA"]
[PlyCount "114"]
[EventDate "2017.??.??"]
[EventType "swiss"]
[EventCountry "ITA"]
[SourceTitle "Acqui Terme"]

{[%evp 16,114,-8,-18,0,0,0,0,0,0,2,-25,-13,-60,-60,-59,-55,-58,-58,-49,-51,-64,-54,-65,-63,-63,-75,-104,-111,-140,-150,-148,-93,-107,-88,-123,-24,-30,-16,-13,-16,-56,-58,-38,0,0,7,7,16,6,9,0,0,0,0,-47,0,0,0,0,0,0,0,0,0,0,0,0,0,0,0,0,0,0,0,0,0,0,0,0,0,0,0,0,-8,-8,0,0,0,0,0,0,0,0,0,0,0,0,0,0,0]} 1. d4 {[%cal Bd2d4,Bd4d5][%mdl 32]} b6 2. c4 Bb7 3. Nc3 e6 4. a3 Nf6 5. d5 Bd6 6. Nf3 O-O 7. g3 {A50: Damenindisch (ohne e7-e6)} c6 8. dxc6 dxc6 9. Bg2 {LiveBook: 5 Partien} Qc7 $146 ({Vorgänger:} 9... Qe7 10. O-O Nbd7 11. Qc2 Ne5 12. Nxe5 Bxe5 13. Ne4 Nd7 14. Rd1 Rad8 {0-1 (41) Bezold,M (2524)-Bartel,M (2638) Germany 2013}) 10. O-O Nbd7 11. Qc2 a6 12. Ng5 c5 13. Nge4 Be5 14. f4 Bxc3 $1 15. Nxc3 Bxg2 16. Kxg2 {[#]} b5 $1 {[%mdl 512]} 17. e4 (17. cxb5 axb5) 17... Qc6 18. Re1 Nb6 19. cxb5 axb5 20. Kg1 b4 21. Nd1 c4 {[%cal Bc5c4,Bc4c3][%mdl 32]} 22. b3 Rfc8 23. Nf2 Nfd7 (23... h5 $142 24. Rd1 Ng4 25. Nxg4 hxg4) 24. Bb2 $17 c3 25. Bc1 bxa3 (25... Nc5 $17 26. Ra2 {[#]} e5 $1 {[%mdl 512]} 27. axb4 Rxa2 28. Qxa2 Ne6 29. fxe5 c2) 26. Rxa3 $11 Rxa3 27. Bxa3 Qb5 28. Re3 Qa5 $1 {[%cal Ra5a3]} 29. Bc1 $1 Nf6 30. Nd1 {[%cal Re3c3]} h5 31. Rxc3 Rxc3 32. Qxc3 Qa8 33. e5 Ng4 34. h3 Nh6 35. Bd2 Qe4 {[%mdl 1024] Schwarz hat Kompensation.} (35... Nd5 $5 {[%cal Rd5c3]} 36. Qa5 Qb7 $11) 36. Nf2 {Die Stellung ist ausgeglichen.} Qb1+ 37. Kg2 Nd5 38. Qd3 Qa2 39. Kf3 Nf5 40. g4 hxg4+ 41. hxg4 Nh4+ 42. Kg3 Ng6 43. Nh3 Qa1 44. Qf3 Qb2 45. Qd3 Qa1 46. b4 Qh1 47. Qc2 Qf1 48. Qc8+ Nf8 $1 {Und weiter mit ...Dd3+ wäre nett.} 49. Nf2 Qe2 50. Qc1 Ng6 51. Qd1 Qc4 {[%cal Rd5f4]} 52. Qf3 Qa2 53. Qd3 Qa1 54. Nh3 Qh1 55. Qb3 Qf1 56. Qf3 Qc4 57. Nf2 Qa2 {Precision: Weiß = 69%, Schwarz = 75%.} 1/2-1/2

[Event "WSCC 65 Open 2017"]
[Site "?"]
[Date "2017.11.18"]
[Round "11"]
[White "Sveshnikov, Evgeny"]
[Black "Shevelev, Arkady"]
[Result "1-0"]
[WhiteElo "2480"]
[BlackElo "2280"]
[Annotator "TA"]
[PlyCount "79"]
[EventDate "2017.??.??"]
[EventType "swiss"]
[EventCountry "ITA"]
[SourceTitle "Acqui Terme"]

{[%evp 22,79,51,49,58,51,50,50,67,64,76,78,100,92,79,80,131,127,121,121,125,119,122,95,96,95,112,96,167,168,192,203,331,354,352,350,654,647,642,627,6178,6181,6079,5406,1973,983,970,957,1886,560,649,609,612,614,607,602,579,586,569,562]} 1. e4 c6 2. d4 d5 3. exd5 cxd5 4. Nf3 Nc6 5. Bf4 Nf6 6. c3 g6 7. Bd3 Bg7 8. O-O O-O 9. Nbd2 Bf5 10. Bxf5 gxf5 11. Ne5 e6 12. Qe2 Rc8 $146 {B13: Caro-Kann (Abtausch-Variante 4.c4)} ({Vorgänger:} 12... Ne7 13. Rad1 Ng6 14. Nxg6 hxg6 15. Nf3 Ne4 16. Ne5 Qh4 17. g3 Qe7 18. h4 Bf6 19. Qe3 g5 20. hxg5 Bxg5 {1-0 (70) Rabiega,R (2540)-Laubsch,B (2270) Germany 2009}) 13. Nd3 Ne4 14. f3 Nxd2 {Weiß steht etwas besser.} 15. Qxd2 Kh8 16. Kh1 Rg8 17. g4 fxg4 18. fxg4 Bf6 (18... e5 $142) 19. Qe2 $16 Rg7 20. h3 Qe7 21. Bh2 Bg5 22. Nf4 Bxf4 23. Rxf4 f6 24. Raf1 e5 (24... Rf8 $16 {ist eine bessere Verteidigung.}) 25. dxe5 $18 fxe5 26. Rf5 Re8 (26... d4 $142 27. Bxe5 Nxe5) 27. b4 a6 28. a4 b5 $2 (28... Kg8 29. b5 axb5) 29. axb5 {Weiß steht klar auf Gewinn.} axb5 30. Qxb5 Qd7 31. Rf8+ Rg8 32. R8f7 Qc8 33. Qxd5 (33. R1f6 $142 Nd8 34. Rxh7+ $3 {[%mdl 512]} Kxh7 35. Qd3+ e4 36. Qxd5 Rg5 37. Qxg5 Qe6 38. Be5) 33... Qe6 34. Qe4 {[%csl Ge4][%cal Rf7h7]} Qg6 35. Qxg6 (35. R1f5 $142 Re6 {[#]} 36. Qxc6 $1 {[%mdl 512]}) 35... hxg6 36. Rc7 {Tff7 ist eine echte Drohung.} Nd8 37. Re1 e4 38. Bg1 {Droht Ld4+ und aus.} Ne6 39. Ra7 Rg7 40. Rxe4 {Precision: Weiß = 80%, Schwarz = 52%.} 1-0

[Event "WSCC 65 Open 2017"]
[Site "?"]
[Date "2017.11.18"]
[Round "11"]
[White "Tarjan, James"]
[Black "Singer, Hans"]
[Result "1-0"]
[WhiteElo "2449"]
[BlackElo "2174"]
[Annotator "TA"]
[PlyCount "75"]
[EventDate "2017.??.??"]
[EventType "swiss"]
[EventCountry "ITA"]
[SourceTitle "Acqui Terme"]

{[%evp 15,75,3,8,-6,0,0,28,38,40,10,17,27,32,18,46,11,59,70,61,16,34,33,47,47,77,45,65,66,69,68,89,52,57,45,60,-53,-47,-47,-51,-71,12,-12,10,0,29,7,171,198,167,183,171,159,266,250,370,360,720,662,783,760,828,844]} 1. c4 c5 2. g3 Nc6 3. Bg2 g6 4. Nc3 Bg7 5. Nf3 e5 6. O-O Nge7 7. a3 a5 8. d3 {A37: Symmetrical English vs ...g6: 4 Bg2 Bg7 5 Nf3} O-O {LiveBook: 77 Games} 9. Ne1 d6 10. Nc2 {The position is equal.} a4 (10... Be6 11. Nd5 Rb8 12. Nxe7+ Nxe7 13. b4 axb4 14. axb4 cxb4 15. Nxb4 {½-½ (28) Karjakin,S (2785)-Vachier Lagrave,M (2804) Doha 2016}) 11. Rb1 Bd7 12. b4 $146 ({Predecessor:} 12. Ne3 Na5 13. Nxa4 Nxc4 14. dxc4 Bxa4 15. Qd3 Qc7 16. Nd5 Nxd5 17. Bxd5 Rab8 18. b3 {1-0 (39) Kostenko,P (2455)-Granda Zuniga,J (2679) Pavlodar 2015}) 12... axb3 $1 13. Rxb3 Na5 14. Rb1 Bc6 15. Ne3 f5 16. Ned5 Nxd5 17. Bxd5+ Kh8 18. Bd2 h5 19. f3 Kh7 20. Qc1 Qe7 21. Kg2 Bf6 22. a4 Be8 23. Rb6 Qc7 24. Qb1 {[%cal Rd5b7]} Bc6 25. Qb2 ({White should try} 25. h4 $14) 25... Bd8 $15 26. Rb5 $1 Bxb5 27. cxb5 Rb8 (27... c4 $17) 28. Ba2 Qg7 29. Nd5 g5 30. h3 g4 $2 {[#]} (30... f4 $11 {and Black stays safe.}) 31. hxg4 $18 fxg4 32. f4 {[%cal Bf3f4,Bf4f5][%mdl 32]} b6 33. Qc1 Rb7 (33... h4 $16) 34. f5 e4 (34... Rbf7 $142) 35. dxe4 Qe5 $2 {[#]} (35... c4 36. Bxc4 Nxc4 37. Qxc4 Rbf7) 36. Qc2 {White is clearly winning.} Re8 37. Bb1 Bf6 38. Bc3 {Precision: White = 57%, Black = 23%.} 1-0

[Event "WSCC 65 Open 2017"]
[Site "?"]
[Date "2017.11.18"]
[Round "11"]
[White "Balashov, Yuri S"]
[Black "Kierzek, Matthias"]
[Result "1-0"]
[WhiteElo "2437"]
[BlackElo "2252"]
[Annotator "TA"]
[PlyCount "113"]
[EventDate "2017.??.??"]
[EventType "swiss"]
[EventCountry "ITA"]
[SourceTitle "Acqui Terme"]

{[%evp 17,113,-8,7,-4,11,3,5,-11,34,34,48,25,26,16,31,12,14,19,72,17,98,17,76,27,30,25,62,46,72,68,68,75,172,27,28,26,102,105,106,98,122,106,113,105,113,107,112,106,116,124,135,136,153,148,169,163,169,169,170,170,227,268,266,252,256,193,193,193,193,193,193,193,193,193,193,193,173,168,193,193,193,186,320,311,245,246,636,430,392,0,625,616,732,626,566,566,566,497]} 1. e4 c6 2. d4 d5 3. e5 Bf5 4. Nf3 e6 5. Be2 Ne7 6. O-O c5 7. Be3 Nec6 8. c3 Nd7 9. Nbd2 Be7 {LiveBook: 10 Games. B12: Caro-Kann: Advance Variation} 10. dxc5 Nxc5 11. Nb3 Nd7 {The position is equal.} 12. Nbd4 (12. Nfd4 Ndxe5 13. Nxf5 exf5 14. Nd4 Qd7 15. Nxc6 Nxc6 16. Qb3 d4 17. Rad1 {½-½ (56) Sjugirov,S (2643)-Maletin,P (2584) Olginka 2011}) 12... Nxd4 $146 ({Predecessor:} 12... Bg6 13. Nxc6 bxc6 14. c4 O-O 15. Qd2 Qb8 16. cxd5 cxd5 {0-1 (55) Wieweg,J (2345)-Johansson,V (2155) Stockholm 1993}) 13. Nxd4 Bg6 14. f4 {Threatens to win with f5.} O-O 15. Qe1 Be4 16. Rd1 a6 17. Qg3 Qc7 18. Bg4 ({White should play} 18. f5 $16) 18... Bc5 {[#]} (18... g6 $1 $11) 19. Bxe6 (19. Nxe6 $1 $16 {[%mdl 512]} Bxe3+ (19... fxe6 20. Bxe6+) 20. Qxe3 fxe6 21. Bxe6+ Rf7 22. Bxf7+ Kxf7 23. b3) 19... Nxe5 (19... Bxd4 $1 $11 {remains equal.} 20. Bxd7 Bxe3+ 21. Qxe3 Bxg2 22. Kxg2 Qxd7) 20. Bxd5 Bxd5 21. fxe5 $40 {[%mdl 128] Strongly threatening Nf5. White mounts an attack.} Rae8 22. b4 Bxd4 23. Rxd4 Bxa2 24. Rg4 $1 {[%cal Rg4g7]} Qxe5 (24... f6 $16 {is a better defense.}) 25. Bh6 (25. Bf4 $1 $18 {[%cal Rf4e5]} Qf6 26. Bd6) 25... Qxg3 $11 26. Rxg3 g6 (26... Re6 $1 $11 27. Rxg7+ (27. Bxg7 Rfe8 $14) 27... Kh8 28. Rxh7+ Kxh7 29. Bxf8 Re3) 27. Bxf8 $16 Kxf8 {[%mdl 4096] Endgame KRR-KRB} 28. Rd1 Be6 29. Rd6 Rc8 30. Re3 h5 31. h4 Ke7 32. Rd4 Kf8 33. Kf2 Ra8 34. c4 {[%cal Bc3c4,Bc4c5,Bc5c6][%mdl 32]} Rc8 {[#]} 35. Rc3 $1 Re8 36. Rd6 Bg4 37. Re3 Rc8 38. c5 a5 (38... Rc7 $142 39. Re5 Be6) 39. c6 $1 $18 {[%cal Rc6b7]} ({Much less strong is} 39. bxa5 $6 Rxc5 40. Rd8+ Kg7 $16) 39... bxc6 40. bxa5 Be6 41. Rc3 Ra8 42. Rc5 ({Don't take} 42. Rcxc6 $6 Rxa5 43. Ra6 Re5 $16) 42... Bd5 43. Rd7 Ke8 44. Rb7 Kd8 45. g3 Kc8 46. Re7 Kd8 47. Re3 Kd7 {[#]} 48. Ra3 $1 Kd6 49. Rc2 c5 (49... Ra6 $142 50. Rd2 Ke5) 50. a6 {[%cal Ba5a6,Ba6a7][%mdl 32]} Ra7 51. Ra5 Rc7 $2 (51... Bb3 52. Rcxc5 Rxa6 53. Rxh5 (53. Rxa6+ Kxc5 54. Ke3 Kd5 $16) 53... Rc6) 52. Rb2 Ra7 53. Rc2 (53. Ke3 $142) 53... Rc7 $1 54. a7 {White is clearly winning.} Rc8 55. Ra6+ Ke5 56. Re2+ Kf5 57. Rb2 {Precision: White = 49%, Black = 36%.} 1-0

[Event "WSCC 65 Open 2017"]
[Site "?"]
[Date "2017.11.18"]
[Round "11"]
[White "Vogt, Lothar"]
[Black "Jansa, Vlastimil"]
[Result "1/2-1/2"]
[WhiteElo "2398"]
[BlackElo "2425"]
[Annotator "TA"]
[PlyCount "55"]
[EventDate "2017.??.??"]
[EventType "swiss"]
[EventCountry "ITA"]
[SourceTitle "Acqui Terme"]

{[%evp 16,55,28,42,48,37,60,38,68,58,58,25,33,47,44,37,47,46,54,58,60,57,68,58,66,62,69,62,63,64,63,22,26,27,29,21,21,5,5,8,8,5]} 1. e4 c5 2. Nf3 d6 3. d4 cxd4 4. Nxd4 Nf6 5. Nc3 e6 6. g4 h6 7. h4 Nc6 8. Rg1 d5 9. exd5 Nxd5 {B81: Sicilian Scheveningen: Keres Attack} 10. Nxd5 Qxd5 11. Bg2 (11. Be3 Bd7 12. Bg2 Qc4 13. c3 Bc5 14. Nxc6 Bxc6 15. Qb3 Qxb3 16. Bxc6+ bxc6 17. axb3 Bxe3 18. fxe3 {½-½ (48) Naiditsch,A (2702)-Stocek,J (2581) Heraklio 2017}) 11... Qe5+ {White is slightly better.} 12. Be3 Bd7 13. Nxc6 Bxc6 14. Bxc6+ bxc6 15. Qd4 Qxd4 16. Bxd4 c5 17. Bc3 O-O-O $146 18. Ke2 f6 19. Rad1 Be7 20. Rxd8+ Rxd8 $14 {[%mdl 4096] Endgame KRB-KRB} 21. h5 Rd5 22. Rg3 Kd7 23. Bd2 c4 24. Bc3 Bc5 25. Rg1 Kc6 {The position is equal.} 26. Re1 Bd4 27. Bxd4 Rxd4 28. f3 {Precision: White = 64%, Black = 63%.} 1/2-1/2

[Event "WSCC 65 Open 2017"]
[Site "?"]
[Date "2017.11.18"]
[Round "11"]
[White "Komljenovic, Davorin"]
[Black "Van Riemsdijk, Herman C"]
[Result "1/2-1/2"]
[WhiteElo "2379"]
[BlackElo "2284"]
[PlyCount "121"]
[EventDate "2017.??.??"]
[EventType "swiss"]
[EventCountry "ITA"]
[SourceTitle "Acqui Terme"]
[TimeControl "40/5400+30:1800+30"]
[WhiteClock "0:14:04"]
[BlackClock "0:08:19"]

1. Nf3 {[%emt 0:00:00]} d5 {[%emt 0:00:14]} 2. c4 {[%emt 0:00:00]} d4 {[%emt 0:00:20]} 3. b4 {[%emt 0:09:51]} f6 {[%emt 0:00:19]} 4. d3 {[%emt 0:17:58]} e5 {[%emt 0:00:22]} 5. a3 {[%emt 0:00:01]} a5 {[%emt 0:05:28]} 6. b5 {[%emt 0:07:56]} Ne7 {[%emt 0:12:56]} 7. g3 {[%emt 0:01:28]} Nd7 {[%emt 0:00:42]} 8. Bg2 {[%emt 0:03:30]} Nc5 {[%emt 0:01:37]} 9. a4 {[%emt 0:00:23]} Ng6 {[%emt 0:02:08]} 10. O-O {[%emt 0:07:46]} Be7 {[%emt 0:02:40]} 11. Ba3 {[%emt 0:10:52]} O-O {[%emt 0:02:18]} 12. Nbd2 {[%emt 0:00:11]} Bf5 {[%emt 0:01:05]} 13. Nb3 {[%emt 0:02:14]} Nxb3 {[%emt 0:06:54]} 14. Qxb3 {[%emt 0:00:16]} Bxa3 {[%emt 0:05:57]} 15. Qxa3 {[%emt 0:02:59]} Qd7 {[%emt 0:04:22]} 16. Nd2 {[%emt 0:02:01]} Rab8 {[%emt 0:05:27]} 17. c5 {[%emt 0:00:23]} Bh3 {[%emt 0:09:12]} 18. c6 {[%emt 0:08:39]} Qe6 {[%emt 0:02:49]} 19. cxb7 {[%emt 0:00:08]} Bxg2 {[%emt 0:01:37]} 20. Kxg2 {[%emt 0:00:02]} Rxb7 {[%emt 0:03:34]} 21. Qa2 {[%emt 0:00:07]} Kf7 {[%emt 0:02:35]} 22. Rfc1 {[%emt 0:00:18]} Ne7 {[%emt 0:00:41]} 23. Qxe6+ {[%emt 0:07:46]} Kxe6 {[%emt 0:00:42]} 24. Nb3 {[%emt 0:00:04]} Ra7 {[%emt 0:00:14]} 25. e3 {[%emt 0:00:36]} dxe3 {[%emt 0:01:38]} 26. fxe3 {[%emt 0:00:02]} Rb8 {[%emt 0:04:50]} 27. Rab1 {[%emt 0:02:16]} Rb6 {[%emt 0:00:46]} 28. Nd2 {[%emt 0:02:46]} Rd6 {[%emt 0:07:11]} 29. Rb3 {[%emt 0:00:15]} Nd5 {[%emt 0:02:42]} 30. Kf3 {[%emt 0:00:10]} h5 {[%emt 0:01:41]} 31. Ke2 {[%emt 0:01:28]} Ne7 {[%emt 0:00:32]} 32. Rbc3 {[%emt 0:03:07]} Nd5 {[%emt 0:01:23]} 33. Rc5 {[%emt 0:00:29]} Rd7 {[%emt 0:02:08]} 34. Nc4 {[%emt 0:03:58]} Nb4 {[%emt 0:01:01]} 35. Rd1 {[%emt 0:01:01]} Rd5 {[%emt 0:00:56]} 36. Rxd5 {[%emt 0:02:51]} Nxd5 {[%emt 0:00:42]} 37. Rc1 {[%emt 0:00:27]} Ne7 {[%emt 0:03:09]} 38. e4 {[%emt 0:00:51]} Ra8 {[%emt 0:01:42]} 39. Ke3 {[%emt 0:00:08]} Ra7 {[%emt 0:03:54]} 40. d4 {[%emt 0:00:51]} exd4+ {[%emt 0:31:14]} 41. Kxd4 {[%emt 0:30:04]} g5 {[%emt 0:00:00]} 42. Kc5 {[%emt 0:00:00]} Ra8 {[%emt 0:00:00]} 43. Rd1 {[%emt 0:00:00]} g4 {[%emt 0:00:00]} 44. Ne3 {[%emt 0:00:00]} Rg8 {[%emt 0:00:00]} 45. Kc4 {[%emt 0:00:00]} Rg5 {[%emt 0:00:00]} 46. Rd8 {[%emt 0:00:00]} Re5 {[%emt 0:00:00]} 47. Kd4 {[%emt 0:00:00]} f5 {[%emt 0:00:00]} 48. exf5+ {[%emt 0:00:00]} Nxf5+ 49. Nxf5 {[%emt 0:00:00]} Rxf5 {[%emt 0:00:00]} 50. Ra8 {[%emt 0:00:00]} Rf2 {[%emt 0:00:00]} 51. Rxa5 {[%emt 0:00:00]} Rxh2 {[%emt 0:00:00]} 52. Ra8 {[%emt 0:00:00]} h4 {[%emt 0:00:00]} 53. gxh4 {[%emt 0:00:00]} g3 {[%emt 0:00:00]} 54. Ke3 {[%emt 0:00:00]} Rxh4 {[%emt 0:00:00]} 55. Kf3 {[%emt 0:00:00]} Rb4 {[%emt 0:00:00]} 56. Kxg3 {[%emt 0:00:00]} Kd7 {[%emt 0:01:12]} 57. Ra6 {[%emt 0:00:00]} Kc8 {[%emt 0:00:22]} 58. Kf3 {[%emt 0:00:05]} Kb7 {[%emt 0:00:25]} 59. Ke3 {[%emt 0:00:03]} c6 {[%emt 0:00:22]} 60. Rxc6 {[%emt 0:00:04]} Rxa4 {[%emt 0:00:08]} 61. Kd3 {[%emt 0:00:01]} 1/2-1/2